| 000 | 00971cam a2200301 a 4500 | ||
|---|---|---|---|
| 001 | 1001534 | ||
| 003 | SISC | ||
| 005 | 20160307103042.0 | ||
| 008 | 860922s1968 enkg b 000 0 eng c | ||
| 010 | _a 86673445 | ||
| 020 | _a0174434650 (pbk.) | ||
| 040 |
_aMH _cMH _dDLC |
||
| 050 | 1 | 4 |
_aPR 2829 _b.Sh527Ot 1997 |
| 082 |
_aHS 822.33T7 _bSh1 1997 |
||
| 100 | 1 |
_aShakespeare, William _d1564-1616. _912847 |
|
| 245 | 1 | 0 |
_aOthello / _c[William Shakespeare] ; edited by E. A. J. Honigmann |
| 260 |
_aMayfield Road : _bThomas Nelson & Sons Ltd., _cc1997. |
||
| 300 |
_axvi, 409 p. : _c20 cm. _bill. ; |
||
| 490 | _aThe Arden Shakespeare | ||
| 650 | 0 |
_aOthello (Fictitious character) _vDrama. _912849 |
|
| 650 | 0 |
_aInterracial marriage _vDrama. _912850 |
|
| 650 | 0 |
_aJealousy _vDrama. _912851 |
|
| 651 | 0 |
_aVenice (Italy) _vDrama. _912853 |
|
| 655 | 7 |
_aTragedies. _2gsafd _97803 |
|
| 906 |
_a7 _bcbc _corignew _du _encip _f19 _gy-gencatlg |
||
| 942 |
_2lcc _cBK |
||
| 999 |
_c9353 _d9353 |
||